[Event "Titled Tuesday intern op 13th Feb Early"]
[Site "Chess.com INT"]
[Date "2024.02.13"]
[Round "10"]
[White "Prohaszka, Peter"]
[Black "Riehle, Marco"]
[Result "0-1"]
[WhiteElo "2578"]
[BlackElo "2361"]
[PlyCount "124"]
[EventDate "2024.02.13"]
[EventType "swiss (blitz)"]
[EventRounds "11"]
[EventCountry "USA"]
[SourceTitle "CB08_2024"]
[SourceDate "2024.02.21"]
[SourceVersion "1"]
[SourceVersionDate "2024.02.21"]
[SourceQuality "1"]

1. d4 d5 2. Nf3 Nf6 3. c3 e6 4. Bf4 c5 5. e3 Bd6 6. Nbd2 cxd4 7. Bxd6 dxe3 8. Ba3 exd2+ 9. Qxd2 Nc6 10. Qg5 g6 11. Bd3 Ne4 12. Qh6 Qf6 13. 0-0 Bd7 14. Rfe1 0-0-0 15. Bxe4 dxe4 16. Rxe4 e5 17. Rae1 Bf5 18. R4e2 Bg4 19. Re3 Bxf3 20. Rxf3 Qe6 21. b3 f5 22. h3 e4 23. Rfe3 Ne5 24. c4 Nd3 25. R1e2 Rd7 26. Kh2 Rhd8 27. g3 Ne5 28. Bb2 Rd2 29. Bxe5 Qxe5 30. Rxe4 Qb2 31. Rxd2 Qxd2 32. Qxd2 Rxd2 33. Re8+ Kd7 34. Rh8 Rxf2+ 35. Kg1 Rxa2 36. Rxh7+ Kc6 37. Rg7 Rb2 38. Rxg6+ Kc5 39. h4 Rb1+ 40. Kg2 Rb2+ 41. Kh3 Rxb3 42. Rg5 Rb1 43. Rxf5+ Kxc4 44. h5 b5 45. Rf4+ Kc3 46. Rh4 Rd1 47. h6 Rd8 48. g4 b4 49. g5 b3 50. Kg3 b2 51. Rh1 a5 52. h7 a4 53. g6 a3 54. g7 Rd3+ 55. Kf4 Rd4+ 56. Kf5 a2 57. g8Q b1Q+ 58. Rxb1 axb1Q+ 59. Kf6 Qf1+ 60. Kg5 Qg2+ 61. Kf5 Qf3+ 62. Ke5 Qe3+ 0-1

[Event "Titled Tuesday intern op 13th Feb Late"]
[Site "Chess.com INT"]
[Date "2024.02.13"]
[Round "1"]
[White "Riehle, Marco"]
[Black "Valenzuela Martinez, Hermes"]
[Result "1-0"]
[WhiteElo "2361"]
[BlackElo "1970"]
[PlyCount "89"]
[EventDate "2024.02.13"]
[EventType "swiss (blitz)"]
[EventRounds "11"]
[EventCountry "USA"]
[SourceTitle "CB08_2024"]
[SourceDate "2024.02.21"]
[SourceVersion "1"]
[SourceVersionDate "2024.02.21"]
[SourceQuality "1"]

1. e4 e6 2. c4 d5 3. cxd5 exd5 4. Qb3 dxe4 5. Bc4 Qf6 6. Nc3 c6 7. Nxe4 Qg6 8. Ng3 b5 9. Bd3 Qe6+ 10. Qxe6+ Bxe6 11. Nf3 Bd6 12. Ne4 Be7 13. 0-0 Nd7 14. Nd4 Bd5 15. Nc3 b4 16. Nxd5 cxd5 17. Bb5 Ngf6 18. Re1 Kf8 19. Nc6 Bd6 20. d4 h6 21. f3 g5 22. Bd2 a6 23. Ba4 Nb6 24. Bb3 a5 25. Rac1 Kg7 26. Ne7 Bxe7 27. Rxe7 Rhe8 28. Rcc7 Rxe7 29. Rxe7 Re8 30. Rxe8 Nxe8 31. Kf2 Nd6 32. Ke2 Kf6 33. Kd3 Nbc4 34. Bc1 Ke6 35. a3 bxa3 36. bxa3 Nb6 37. a4 Nf5 38. Bd2 Nh4 39. Bxa5 Nd7 40. Bc7 Nxg2 41. a5 Nf6 42. a6 Ne8 43. Bb8 Nf4+ 44. Kd2 Kd7 45. a7 1-0

[Event "Titled Tuesday intern op 13th Feb Early"]
[Site "Chess.com INT"]
[Date "2024.02.13"]
[Round "2"]
[White "Zavgorodniy, Sergiy"]
[Black "Riehle, Marco"]
[Result "1/2-1/2"]
[WhiteElo "2401"]
[BlackElo "2361"]
[PlyCount "98"]
[EventDate "2024.02.13"]
[EventType "swiss (blitz)"]
[EventRounds "11"]
[EventCountry "USA"]
[SourceTitle "CB08_2024"]
[SourceDate "2024.02.21"]
[SourceVersion "1"]
[SourceVersionDate "2024.02.21"]
[SourceQuality "1"]

1. d4 d5 2. c4 e6 3. Nf3 Nf6 4. e3 Be7 5. Nbd2 0-0 6. Bd3 b6 7. 0-0 Bb7 8. Qe2 Nbd7 9. e4 dxe4 10. Nxe4 Nxe4 11. Bxe4 Bxe4 12. Qxe4 Nf6 13. Qe2 c5 14. Rd1 Qc7 15. b3 Rad8 16. Bb2 Rd7 17. Ne5 Rdd8 18. Rd3 cxd4 19. Bxd4 Bc5 20. Rad1 Bxd4 21. Rxd4 Rxd4 22. Rxd4 Rd8 23. Qd3 Rxd4 24. Qxd4 h6 25. Kf1 Qe7 26. h3 Qa3 27. Qd8+ Kh7 28. Qd3+ g6 29. Nxf7 Qxa2 30. Qd8 Qa1+ 31. Ke2 Qb2+ 32. Qd2 Qxd2+ 33. Kxd2 Ne4+ 34. Ke3 Nc5 35. b4 Nd7 36. Nd6 a5 37. bxa5 bxa5 38. Kd4 Kg7 39. c5 Nb8 40. Kc4 a4 41. Nb5 Kf6 42. Kb4 Na6+ 43. Kc4 Nb8 44. Na3 Ke5 45. Kb5 Kd5 46. Nc4 Kd4 47. Na3 Kd5 48. Nc4 Kd4 49. Na3 Kd5 1/2-1/2

[Event "Bundesliga 2324"]
[Site "Germany"]
[Date "2024.01.13"]
[Round "5.6"]
[White "Riehle, Marco"]
[Black "Johansson, Linus"]
[Result "1/2-1/2"]
[WhiteElo "2368"]
[BlackElo "2429"]
[PlyCount "125"]
[EventDate "2023.10.21"]
[EventType "team-tourn"]
[EventRounds "15"]
[EventCountry "GER"]
[SourceTitle "CB03_2024"]
[SourceDate "2024.01.17"]
[SourceVersion "1"]
[SourceVersionDate "2024.01.17"]
[SourceQuality "1"]
[WhiteTeam "Oetigheim"]
[BlackTeam "Bayern Muenchen"]
[WhiteTeamCountry "GER"]
[BlackTeamCountry "GER"]

1. e4 e6 2. d4 d5 3. exd5 exd5 4. Nf3 Nf6 5. Bd3 c5 6. dxc5 Bxc5 7. 0-0 0-0 8. Nc3 h6 9. h3 Nc6 10. a3 a6 11. b4 Ba7 12. Bb2 Ne7 13. Ne2 Ng6 14. Ng3 Nf4 15. Be5 Nxd3 16. Qxd3 Be6 17. Rad1 Rc8 18. Rfe1 Re8 19. Bd4 Bxd4 20. Nxd4 Qc7 21. Re3 Bd7 22. Rde1 Rxe3 23. Rxe3 Qc4 24. Qd2 Qa2 25. Kh2 Qc4 26. Re5 Qc3 27. Qxc3 Rxc3 28. Re3 Rxe3 29. fxe3 Kf8 30. Kg1 g6 31. Kf2 Ke7 32. Ke2 h5 33. Kd3 Kd6 34. Nf3 Bc6 35. Ng5 Ke7 36. Kd4 Ne8 37. Ne2 Nd6 38. Kc5 Nc4 39. Nd4 Ba4 40. Kxd5 Nxe3+ 41. Kc5 Nxc2 42. Nxc2 Bxc2 43. g3 f6 44. Nf3 Be4 45. Nd4 g5 46. h4 Kd7 47. a4 Bg2 48. a5 Be4 49. Kb6 Kd6 50. Nb3 g4 51. Nc1 Ke5 52. Ne2 Bc6 53. Nf4 Ke4 54. Nxh5 Kf3 55. Nxf6 Kxg3 56. h5 Kf3 57. Nxg4 Kxg4 58. h6 Be4 59. b5 axb5 60. Kxb5 Kg5 61. Kb6 Kxh6 62. a6 bxa6 63. Kxa6 1/2-1/2

[Event "Titled Tuesday intern op 05th Sep Early"]
[Site "Chess.com INT"]
[Date "2023.09.05"]
[Round "3"]
[White "Lazavik, Denis"]
[Black "Riehle, Marco"]
[Result "1-0"]
[WhiteElo "2560"]
[BlackElo "2368"]
[PlyCount "81"]
[EventDate "2023.09.05"]
[EventType "swiss (blitz)"]
[EventRounds "11"]
[EventCountry "USA"]
[SourceTitle "EXT 2024"]
[Source "ChessBase"]
[SourceDate "2023.10.10"]
[SourceVersion "1"]
[SourceVersionDate "2023.10.10"]
[SourceQuality "1"]

1. d4 d5 2. c4 e6 3. Nf3 Nf6 4. g3 dxc4 5. Bg2 Bb4+ 6. Bd2 a5 7. a3 Bxd2+ 8. Nbxd2 b5 9. b3 cxb3 10. Qxb3 Bd7 11. 0-0 0-0 12. Rfc1 Bc6 13. Qb2 a4 14. Rc2 Bxf3 15. Nxf3 c6 16. Ne5 Nd5 17. Nxc6 Nxc6 18. Rxc6 Rb8 19. Rc5 b4 20. Bxd5 bxa3 21. Qxa3 exd5 22. Qxa4 Qe7 23. Qc2 Rfd8 24. e3 g6 25. Kg2 h5 26. Raa5 h4 27. g4 Rb6 28. h3 Qe6 29. Qe2 Kg7 30. Qf3 Rbd6 31. Qf4 Rb6 32. g5 Rb2 33. Ra7 Rd7 34. Qf6+ Kh7 35. Qxe6 Rxa7 36. Qf6 Rb8 37. Rxd5 Ra2 38. Re5 Rc8 39. Re4 Rxf2+ 40. Kxf2 Kg8 41. Rxh4 1-0

[Event "Titled Tuesday intern op 05th Sep Early"]
[Site "Chess.com INT"]
[Date "2023.09.05"]
[Round "4"]
[White "Riehle, Marco"]
[Black "Ozates, Tuna"]
[Result "1/2-1/2"]
[WhiteElo "2368"]
[BlackElo "2309"]
[PlyCount "125"]
[EventDate "2023.09.05"]
[EventType "swiss (blitz)"]
[EventRounds "11"]
[EventCountry "USA"]
[SourceTitle "EXT 2024"]
[Source "ChessBase"]
[SourceDate "2023.10.10"]
[SourceVersion "1"]
[SourceVersionDate "2023.10.10"]
[SourceQuality "1"]

1. e4 e5 2. Nf3 Nc6 3. Bc4 Nf6 4. d4 exd4 5. 0-0 Nxe4 6. Nc3 Nxc3 7. bxc3 d5 8. Bd3 Be7 9. Re1 Be6 10. cxd4 0-0 11. c3 h6 12. Bc2 Qd7 13. Qd3 f5 14. Bf4 Rae8 15. Rab1 Bd6 16. Bxd6 Qxd6 17. Rxb7 Rb8 18. Rxb8 Rxb8 19. Ne5 Nxe5 20. Rxe5 Rb2 21. Bb3 c6 22. h3 Kf7 23. Qd1 a5 24. Qh5+ Kf6 25. Qh4+ Kf7 26. Kh2 a4 27. Bxa4 Rxa2 28. Bd1 c5 29. Bh5+ g6 30. Bf3 h5 31. Qg3 cxd4 32. cxd4 Ra6 33. Qg5 Qe7 34. Qh6 Qf6 35. Re1 Qxd4 36. Rb1 Ra7 37. Qg5 Qf6 38. Qf4 Kg7 39. Rb6 Re7 40. Bxd5 Kf7 41. Rxe6 Rxe6 42. Qd6 Qe7 43. Qc6 Kf6 44. Qc3+ Re5 45. f4 Qd6 46. Bb3 g5 47. g3 h4 48. fxe5+ Qxe5 49. Qxe5+ Kxe5 50. gxh4 gxh4 51. Kg2 Kf6 52. Kf3 Kg5 53. Bc2 f4 54. Bd3 Kf6 55. Kxf4 Kg7 56. Kg5 Kh8 57. Kxh4 Kg8 58. Kg5 Kh8 59. h4 Kg8 60. h5 Kh8 61. h6 Kg8 62. Kg6 Kh8 63. h7 1/2-1/2

[Event "Titled Tuesday intern op 29th Aug Late"]
[Site "Chess.com INT"]
[Date "2023.08.29"]
[Round "4"]
[White "Indjic, Aleksandar"]
[Black "Riehle, Marco"]
[Result "1-0"]
[WhiteElo "2601"]
[BlackElo "2368"]
[PlyCount "119"]
[EventDate "2023.08.29"]
[EventType "swiss (blitz)"]
[EventRounds "11"]
[EventCountry "USA"]
[SourceTitle "EXT 2024"]
[Source "ChessBase"]
[SourceDate "2023.10.10"]
[SourceVersion "1"]
[SourceVersionDate "2023.10.10"]
[SourceQuality "1"]

1. e4 e5 2. Nf3 Nf6 3. Nc3 Nc6 4. Bb5 Bc5 5. Bxc6 dxc6 6. h3 0-0 7. d3 Re8 8. g4 b5 9. Bg5 a5 10. Ne2 a4 11. Ng3 h6 12. Be3 Bxe3 13. fxe3 Nh7 14. Nf5 Bxf5 15. gxf5 c5 16. Qe2 c4 17. dxc4 bxc4 18. Qxc4 Ng5 19. Nd2 c6 20. 0-0-0 Qb6 21. Qc3 Qb5 22. h4 Nh7 23. Nc4 Re7 24. Rhg1 Nf6 25. Nd6 Qb6 26. Rg2 Rd8 27. Rgd2 Red7 28. Nc4 Qb5 29. Rxd7 Rxd7 30. Rxd7 Nxd7 31. b4 Kh7 32. a3 Nf6 33. Qd3 g6 34. Nd6 Qxd3 35. cxd3 Kg7 36. Kd2 Nd7 37. fxg6 fxg6 38. d4 Kf6 39. Ke2 Ke6 40. Nc4 g5 41. hxg5 hxg5 42. Kf3 Kf7 43. d5 cxd5 44. exd5 Nf6 45. Nxe5+ Ke7 46. e4 Kd6 47. Nc4+ Kc7 48. b5 Nd7 49. e5 Nc5 50. e6 g4+ 51. Kxg4 Nb7 52. b6+ Kc8 53. d6 Nc5 54. Kf5 Kb7 55. e7 Na6 56. e8Q Nb8 57. Qxa4 Nc6 58. Kf4 Nb8 59. Qa7+ Kc6 60. Qxb8 1-0

[Event "Titled Tuesday intern op 29th Aug Late"]
[Site "Chess.com INT"]
[Date "2023.08.29"]
[Round "7"]
[White "Jaskolka, Tomasz"]
[Black "Riehle, Marco"]
[Result "0-1"]
[WhiteElo "2227"]
[BlackElo "2368"]
[PlyCount "112"]
[EventDate "2023.08.29"]
[EventType "swiss (blitz)"]
[EventRounds "11"]
[EventCountry "USA"]
[SourceTitle "EXT 2024"]
[Source "ChessBase"]
[SourceDate "2023.10.10"]
[SourceVersion "1"]
[SourceVersionDate "2023.10.10"]
[SourceQuality "1"]

1. e4 e5 2. Nf3 Nc6 3. Bc4 Bc5 4. c3 Nf6 5. d4 exd4 6. cxd4 Bb4+ 7. Kf1 d5 8. exd5 Nxd5 9. Qb3 Be6 10. Nc3 Bxc3 11. bxc3 0-0 12. Bd3 Nf4 13. Qc2 Nxd3 14. Qxd3 h6 15. h3 Na5 16. Kg1 Nc4 17. Rb1 Qd5 18. Bf4 Bf5 19. Qd1 Bxb1 20. Qxb1 b6 21. Kh2 Rfe8 22. Ne5 Nxe5 23. Bxe5 Rxe5 24. dxe5 Qxe5+ 25. g3 Qxc3 26. Qe4 Rd8 27. Qe7 Qd2 28. Kg2 Qd5+ 29. Kh2 Kh7 30. Re1 Qxa2 31. Re2 Rd2 32. Rxd2 Qxd2 33. Qxf7 Qc2 34. h4 a5 35. Kh3 a4 36. f4 a3 37. f5 Qc6 38. Kg4 b5 39. Kh3 b4 40. Qb3 Qh1+ 41. Kg4 Qe4+ 42. Kh3 Qxf5+ 43. Kg2 Qe4+ 44. Kh3 c5 45. h5 Qf5+ 46. g4 Qe4 47. Kh4 c4 48. Qxb4 a2 49. Qa5 Qc2 50. g5 Qh2+ 51. Kg4 Qg2+ 52. Kf4 Qxg5+ 53. Qxg5 hxg5+ 54. Kg4 a1Q 55. h6 gxh6 56. Kh5 Qd1# 0-1

[Event "Titled Tuesday intern op 29th Aug Early"]
[Site "Chess.com INT"]
[Date "2023.08.29"]
[Round "2"]
[White "Riehle, Marco"]
[Black "Asish, Panda"]
[Result "1-0"]
[WhiteElo "2368"]
[BlackElo "1731"]
[PlyCount "91"]
[EventDate "2023.08.29"]
[EventType "swiss (blitz)"]
[EventRounds "11"]
[EventCountry "USA"]
[SourceTitle "EXT 2024"]
[Source "ChessBase"]
[SourceDate "2023.10.10"]
[SourceVersion "1"]
[SourceVersionDate "2023.10.10"]
[SourceQuality "1"]

1. e4 e6 2. c4 d5 3. cxd5 exd5 4. Qb3 Nf6 5. e5 Ne4 6. Nc3 Nxc3 7. bxc3 Be7 8. d4 0-0 9. f4 c5 10. Nf3 Nc6 11. Be3 cxd4 12. cxd4 Bf5 13. Be2 Qa5+ 14. Kf2 Be4 15. Qxb7 Qb6 16. Qxb6 axb6 17. Nd2 f5 18. Nxe4 fxe4 19. Rhb1 Nb4 20. Rb2 g5 21. g3 gxf4 22. gxf4 Ra3 23. Rb3 Rxb3 24. axb3 Bh4+ 25. Kg2 Nc2 26. Ra7 Nxe3+ 27. Kh3 Bd8 28. Rd7 b5 29. e6 Re8 30. Bxb5 Bf6 31. Rd6 Re7 32. Bc6 Bxd4 33. b4 Bc3 34. b5 Nf5 35. Rxd5 Ne3 36. Rd8+ Kg7 37. b6 Nc4 38. b7 Rxb7 39. Bxb7 e3 40. e7 e2 41. e8Q e1Q 42. Rd7+ Kh6 43. Qf8+ Kh5 44. Bf3+ Kg6 45. Qf7+ Kh6 46. Qxh7# 1-0